00569cam a22001932 4500001001100000005001700011008004100028020001700069040001500086245007000101250001200171260003200183300001600215650004800231650002700279650003100306700003500337852000300372000002038620151217152213.0110915s xx 000 0 eng d a0632056274 : aKABUcKABU10aPublic health nutrition /cedited by Michael J Gibney ... [et al] a1st ed. aOxford :bBlackwell,c2004. axiv, 378 p. 0aNutritionally induced diseases.@0000180782 0aNutrition.@0000155604 0aPublic health.@00001656341 aGibney, Michael J.@00001807831